Üzenet Magyaroknak viszik..

Bibliographic Details
Main Author: Fábry, Zoltán, 1897-1970 (Author)
Format: Article
Language:Hungarian
Slovak
Subjects:

MARC

LEADER 00000nab a2200000 a 4500
001 vtls000434739
003 SK-MaSNL
005 20260318123733.0
008 160202c1991 xo 0 hun
015 |a SNBRB19rr/mm-uuuuu 
035 |a CL0434867 
040 |a SNKBUCL  |b slo  |c SNKBUCL  |e AACR2 
041 0 |a slo 
044 |a xo  |c SK 
080 |a 894.511 (437)-4=945.11  |2 1981 
100 1 |a Fábry, Zoltán,  |d 1897-1970  |4 aut  |9 105120 
245 1 0 |a Üzenet  |b Magyaroknak viszik..  |c Zoltán Fábry 
650 0 7 |a eseje  |2 snkbucl  |9 144629 
650 0 7 |a vlasť  |2 snkbucl  |9 23334 
655 7 |a články z novín a časopisov  |2 snkbucl  |9 267496 
655 7 |a články z odboru literárna veda a krásna literatúra  |2 snkbucl  |9 770045 
773 0 |t Irodalmi szemle  |g Roč. 34, č. 7 (1991), s. 737-739 
850 |a Slovenská národná knižnica v Martine  |a MTA001 
852 |a SNK  |b KIS3GCP 
958 |a RK 
958 |a HU 
958 |a LX 
992 |a RBX 
999 |c 2654413  |d 2656343